Gastrointestinal cancer targets and therapy.

Bibliographic Details
Format: Electronic Serial
Language:English
Published: [Auckland, N.Z.] : Dove Medical Press, [2011]-
Subjects:
Online Access:Full text available from Research Library: 01/01/2011 to present

MARC

LEADER 00000nas a2200000 a 4500
001 ssj0000602137
003 WaSeSS
005 20200512172242.0
006 m d
007 cr n
008 101018c20119999nz an s 0 a0eng c
010 |a  2012257393 
016 7 |a 2616866-2  |2 DE-600 
016 7 |a 101645249  |2 DNLM 
022 |a 1179-9919  |l 1179-9919 
035 |a (WaSeSS)ssj0000602137 
040 |a NZ1  |b eng  |c NZ1  |d HEBIS  |d OCLCQ  |d INU  |d CUS  |d OCLCO  |d EUW  |d NLM  |d OCLCO  |d OCLCQ  |d OCLCF  |d OCLCO  |d OCLCQ  |d WT2  |d OCLCO  |d OCLCQ  |d OCLCA  |d OCLCQ  |d AU@  |d OCLCQ  |d CNMTR  |d OCLCQ  |d WaSeSS 
042 |a pcc 
050 1 4 |a RC799 
060 0 0 |a W1 
082 0 4 |a 616.99433005  |2 22 
210 1 |a Gastrointest. cancer 
210 1 0 |a Gastrointest Cancer  |2 dnlm 
222 0 |a Gastrointestinal cancer 
245 0 0 |a Gastrointestinal cancer  |h [electronic resource] :  |b targets and therapy. 
246 1 |i Title in HTML header:  |a Journal of gastrointestinal cancer : targets and therapy 
260 |a [Auckland, N.Z.] :  |b Dove Medical Press,  |c [2011]- 
310 |a Annual 
362 1 |a Began with 2011:1. 
500 |a Archived by the National Library of New Zealand. 
500 |a Hypertext links contained in the archived instances of this title are non-functional.  |5 Nz 
506 |a License restrictions may limit access. 
515 |a Articles added irregularly during the year and collected into annual issues. 
538 |a Mode of access: World Wide Web. 
588 0 |a 2011:1; title from journal home page (viewed on May 18, 2011). 
588 1 |a 2015:5 (viewed on Nov. 9, 2015). 
650 0 |a Gastrointestinal system  |x Cancer  |v Periodicals. 
650 1 2 |a Gastrointestinal Neoplasms. 
650 7 |a Gastrointestinal system  |x Cancer.  |2 fast  |0 (OCoLC)fst00938870 
655 0 |a Electronic journals. 
856 4 0 |z Full text available from Research Library: 01/01/2011 to present  |u https://search.proquest.com/publication/3933163